| Tag |
First Indicator |
Second Indicator |
Subfields |
| LEADER |
00000cam a2200000Mi 4500 |
| 001 |
in00005498021 |
| 006 |
m o d |
| 007 |
cr un||||||||| |
| 008 |
211005s2022 enk fob 001 0 eng d |
| 005 |
20240923171847.2 |
| 035 |
|
|
|a (OCoLC)on1277093115
|
| 040 |
|
|
|a SGPBL
|b eng
|e rda
|e pn
|c SGPBL
|d OCLCF
|d OCLCO
|d OCLCL
|
| 020 |
|
|
|a 9781529781113
|q (ebook)
|
| 020 |
|
|
|a 1529781116
|
| 035 |
|
|
|a (OCoLC)1277093115
|
| 043 |
|
|
|a n-us---
|
| 050 |
|
4 |
|a HD191
|b .D68 2022
|
| 082 |
0 |
4 |
|a 333.00973
|2 23
|
| 049 |
|
|
|a TXAM
|
| 100 |
1 |
|
|a Douma, Michael J.,
|e author.
|
| 245 |
1 |
0 |
|a Land speculation in U.S. history :
|b for and against /
|c Michael J. Douma.
|
| 246 |
3 |
0 |
|a Land speculation in United States history
|
| 264 |
|
1 |
|a London :
|b SAGE Publications: SAGE Business Cases Originals,
|c 2022.
|
| 300 |
|
|
|a 1 online resource.
|
| 336 |
|
|
|a text
|b txt
|2 rdacontent
|
| 337 |
|
|
|a computer
|b c
|2 rdamedia
|
| 338 |
|
|
|a online resource
|b cr
|2 rdacarrier
|
| 490 |
1 |
|
|a SAGE Business Cases
|
| 504 |
|
|
|a Includes bibliographical references and index.
|
| 520 |
8 |
|
|a Land speculators in U.S. history are a much-maligned group, but the larger effects of their actions are debatable. This case presents a brief account of buying and selling land in U.S. history, with an eye towards the ethics of the practice. The case presents both positive and negative assessments of land speculation, giving students the chance to debate the topic from both sides. It encourages critical thinking, normative evaluation of a complex topic, and the use of historical evidence to defend an ethical position.
|
| 588 |
|
|
|a Description based on XML content.
|
| 650 |
|
0 |
|a Land speculation
|z United States
|v Case studies.
|
| 650 |
|
0 |
|a Land speculation
|x Moral and ethical aspects
|v Case studies.
|
| 650 |
|
6 |
|a Spéculation foncière
|x Aspect moral
|v Études de cas.
|
| 650 |
|
7 |
|a Land speculation.
|2 fast
|0 (OCoLC)fst00991344
|
| 651 |
|
7 |
|a United States.
|2 fast
|0 (OCoLC)fst01204155
|1 https://id.oclc.org/worldcat/entity/E39PBJtxgQXMWqmjMjjwXRHgrq
|
| 655 |
|
7 |
|a Electronic books.
|2 local
|
| 655 |
|
7 |
|a Case studies.
|2 fast
|0 (OCoLC)fst01423765
|
| 830 |
|
0 |
|a SAGE Business.
|p Cases.
|
| 856 |
4 |
0 |
|u http://proxy.library.tamu.edu/login?url=https://sk.sagepub.com/cases/land-speculation-in-us-history-for-and-against
|z Connect to the full text of this electronic book
|t 0
|
| 955 |
|
|
|a SAGE eBooks
|
| 955 |
|
|
|a SAGE Business Cases 2022 Annual Collection
|
| 994 |
|
|
|a 92
|b TXA
|
| 999 |
f |
f |
|s 20e0cc58-66c5-40fc-a83f-daded72f7d11
|i 138c2029-ec51-4447-bd04-12e9fc320458
|t 0
|
| 952 |
f |
f |
|a Texas A&M University
|b College Station
|c Electronic Resources
|d Available Online
|t 0
|e HD191 .D68 2022
|h Library of Congress classification
|
| 998 |
f |
f |
|a HD191 .D68 2022
|t 0
|l Available Online
|